Central Library OPAC University of Rajshahi

Climate change : (Record no. 67333)

MARC details
000 -LEADER
fixed length control field 00794nam a2200265 a 4500
001 - CONTROL NUMBER
control field 67333
003 - CONTROL NUMBER IDENTIFIER
rucl marc code BD-RjUL
005 - DATE AND TIME OF LATEST TRANSACTION
control field 20211209081635.0
008 - FIXED-LENGTH DATA ELEMENTS--GENERAL INFORMATION
fixed length control field 230317s2003 enka b 001 0 eng
020 ## - INTERNATIONAL STANDARD BOOK NUMBER
International Standard Book Number 0470850183 (alk. paper)
International Standard Book Number 0470850191 (pbk. : alk. paper)
035 ## - SYSTEM CONTROL NUMBER
System control number (BD-RjUL)67464
040 ## - CATALOGING SOURCE
Original cataloging agency DLC
Transcribing agency DLC
Modifying agency DLC
Language of cataloging eng
041 ## - LANGUAGE CODE
Language code of text/sound track or separate title eng
082 00 - DEWEY DECIMAL CLASSIFICATION NUMBER
Edition number 23
Author mark and year HAC 2003
Classification number 551.6
100 1# - MAIN ENTRY--PERSONAL NAME
Personal name Hardy, John T.
9 (RLIN) 199492
245 10 - TITLE STATEMENT
Title Climate change :
Remainder of title causes, effects, and solutions /
Statement of responsibility, etc. John T. Hardy.
260 ## - PUBLICATION, DISTRIBUTION, ETC. (IMPRINT)
Place of publication, distribution, etc. New York :
Name of publisher, distributor, etc. J. Wiley,
Date of publication, distribution, etc. c2003.
300 ## - PHYSICAL DESCRIPTION
Pagination vii, 247 p. :
Illustrations ill.:
Size 25 cm.
500 ## - GENERAL NOTE
General note Includes index.
650 #0 - SUBJECT ADDED ENTRY--TOPICAL TERM
Topical term or geographic name as entry element Climatic changes.
9 (RLIN) 199495
Topical term or geographic name as entry element Nature
General subdivision Effect of human beings on.
9 (RLIN) 199496
942 ## - ADDED ENTRY ELEMENTS (KOHA)
Source of classification or shelving scheme Dewey Decimal Classification
Koha item type Books
Holdings
Lost status Source of classification or shelving scheme Damaged status Not for loan Collection code Permanent Location Current Location Shelving location Date acquired Source of acquisition Cost, normal purchase price Total Checkouts Full call number Date last seen Copy number Koha item type
  Dewey Decimal Classification   Not For Loan Non-fiction Central Library, University of Rajshahi Central Library, University of Rajshahi Reading Room 09/12/2021 Dhaka, Paragon Enterprise ltd. 29.95   551.6 HAC 2003 23/03/2017 C-1 Books